书目信息 |
| 题名: |
医学免疫学
|
|
| 作者: | 龙振洲 | |
| 分册: | ||
| 出版信息: | 北京 人民卫生出版社 1998.12 |
|
| 页数: | 226页 | |
| 开本: | 16开 | |
| 丛书名: | ||
| 单 册: | ||
| 中图分类: | R392-43 | |
| 科图分类: | ||
| 主题词: | 医药学:免疫学 | |
| 电子资源: | ||
| ISBN: | 7-117-00245-X | |
| 000 | 00517nam0 2200181 45 | |
| 001 | 9911301546 | |
| 005 | 19991130153858.8 | |
| 010 | @a7-117-00245-X@d13.40 | |
| 100 | @a19991130d1998 km y0chiy0120 ea | |
| 101 | @achi | |
| 105 | @a z 000yy | |
| 200 | 1 | @a医学免疫学@AYi Xue Mian Yi Xue@f龙振洲@FLong Zhen Zhou |
| 210 | @a北京@c人民卫生出版社@d1998.12 | |
| 215 | @a226页@c无图表@d16开 | |
| 606 | 0 | @a医药学:免疫学 |
| 690 | @aR392-43@v3 | |
| 801 | @aCN@bPerfectUser@c19991130 | |
| 905 | @aBZT@b69959-960@f2@dR392-43@e2 | |
| 医学免疫学/龙振洲.-北京:人民卫生出版社,1998.12 |
| 226页:无图表;16开 |
| ISBN 7-117-00245-X:13.40 |
| ● |
| 相关链接 |
|
|
|
正题名:医学免疫学
索取号:R392-43/2
 
预约/预借
| 序号 | 登录号 | 条形码 | 馆藏地/架位号 | 状态 | 备注 |
| 1 | 69959 | 200185174 | 中心书库中库/ 中库006架B面4列6层11/ [索取号:R392-43/2] | 在馆 | |
| 2 | 69960 | 200185192 | 中心书库中库/ 中库006架A面2列5层45/ [索取号:R392-43/2] | 在馆 |